|
|
|
|
| LEADER |
00000naa2a2200000 4500 |
| 001 |
147624 |
| 005 |
20231031145122.0 |
| 035 |
|
|
|a (RuTPU)RU\TPU\book\160011
|
| 090 |
|
|
|a 147624
|
| 100 |
|
|
|a 20081118d2008 k y0rusy50 ca
|
| 101 |
0 |
|
|a rus
|
| 102 |
|
|
|a RU
|
| 200 |
1 |
|
|a Диагностика и мониторинг электрических машин переменного тока в горнодобывающей отрасли
|f В. П. Шевчук
|
| 463 |
|
0 |
|0 (RuTPU)RU\TPU\book\153908
|y 5-98298-208-3
|t Электроэнергия: от получения и распределения до эффективного использования
|o материалы Всероссийской научно-технической конференции, 12-14 мая 2008 г., Томск
|f Томский политехнический университет
|v С. 162-164
|d 2008
|p 276 с.
|
| 610 |
1 |
|
|a горнодобывающая промышленность
|
| 610 |
1 |
|
|a электрические машины
|
| 610 |
1 |
|
|a диагностика
|
| 610 |
1 |
|
|a мониторинг
|
| 610 |
1 |
|
|a двигатели переменного тока
|
| 610 |
1 |
|
|a тестовый анализ
|
| 610 |
1 |
|
|a дефекты
|
| 610 |
1 |
|
|a труды учёных ТПУ
|
| 700 |
|
1 |
|a Шевчук
|b В. П.
|
| 801 |
|
1 |
|a RU
|b 63413507
|c 20081118
|g PSBO
|
| 942 |
|
|
|c BK
|